[Event "Junior Online 4NCL Division 2"]
[Site "online"]
[Date "2020.05.14"]
[Round "5.21"]
[White "Saunders, Aron"]
[Black "Dicen, Imogen"]
[Result "0-1"]
[WhiteElo "1765"]
[BlackElo "1847"]
[PlyCount "108"]
[EventDate "2020.05.14"]
[WhiteTeam "Downend Upstarts"]
[BlackTeam "Warwickshire Bears A"]

1. e4 c5 2. c3 Nc6 3. d4 cxd4 4. cxd4 d5 5. e5 Bf5 6. h4 e6 7. g4 Bxb1 8. Rxb1
Qb6 9. Nf3 Bb4+ 10. Ke2 Nge7 11. a3 Bxa3 12. Be3 Bb4 13. Qd3 Rc8 14. Bg2 h5 15.
gxh5 Rxh5 16. Ng5 Nf5 17. Rbd1 Ba5 18. b3 Nb4 19. Qb1 Qb5+ 20. Kf3 Ke7 21. Nh3
Nxh4+ 22. Kg3 Nf5+ 23. Kf3 Nh4+ 24. Kg3 Qe2 25. Bg5+ f6 26. Nf4 Rc3+ 27. f3
Nf5+ 28. Qxf5 exf5 29. exf6+ gxf6 30. Nxe2 Rxg5+ 31. Kf2 Rc2 32. Kf1 Kd6 33.
Rh6 Bd8 34. f4 Rg7 35. Bh3 Rb2 36. Nc1 Rh2 37. Re1 Rg3 38. Rh8 Bb6 39. Rh6
Rgxh3 40. Rxf6+ Kd7 41. Rf7+ Kc6 42. Rf6+ Kb5 43. Rxf5 Bxd4 44. Ne2 Rh1+ 45.
Kg2 R3h2+ 46. Kg3 Bf2+ 47. Kf3 Bxe1 48. Nd4+ Kc5 49. Ne6+ Kb6 50. Rf6 Nc6 51.
Nd4 Rf1+ 52. Kg4 Rg2+ 53. Kf5 Rgf2 54. Kg5 Bc3 0-1

[Event "Junior Online 4NCL Division 2"]
[Site "online"]
[Date "2020.05.14"]
[Round "5.22"]
[White "Chen, Daniel Xingyu"]
[Black "Mullaney, William"]
[Result "1-0"]
[WhiteElo "1750"]
[BlackElo "1600"]
[PlyCount "143"]
[EventDate "2020.05.14"]
[WhiteTeam "Warwickshire Bears A"]
[BlackTeam "Downend Upstarts"]

1. e4 c5 2. Nf3 g6 3. c3 d5 4. e5 Bf5 5. d4 cxd4 6. cxd4 Nc6 7. Nc3 e6 8. Bg5
Be7 9. Bxe7 Ngxe7 10. Qd2 h6 11. Be2 g5 12. h4 g4 13. Nh2 h5 14. Nf1 Be4 15.
Rg1 Ng6 16. g3 Nb4 17. Ne3 Ne7 18. a3 Nbc6 19. Nb5 Nf5 20. Nxf5 exf5 21. Nd6+
Ke7 22. Qg5+ Kd7 23. Qxd8+ Nxd8 24. Bb5+ Ke7 25. Rc1 a6 26. Rc7+ Kf8 27. Ba4 b5
28. Bb3 Rb8 29. Kd2 b4 30. a4 Kg7 31. Rgc1 Kg6 32. R1c5 Ne6 33. Rxf7 Nxc5 34.
dxc5 Rh7 35. Rf6+ Kg7 36. Rf7+ Kg8 37. Rf6 Rf8 38. Nxe4 fxe4 39. Bxd5+ Kg7 40.
Rxf8 Kxf8 41. Bxe4 Rd7+ 42. Ke3 Kg7 43. c6 Rc7 44. Kd4 Kf7 45. Kc5 Re7 46. Bd5+
Ke8 47. e6 Kd8 48. Kxb4 Kc7 49. Ka5 Kd6 50. Bg2 Rxe6 51. Kxa6 Kc5 52. b4+ Kxb4
53. Kb7 Kc5 54. c7 Re7 55. Kb8 Re8+ 56. c8=Q+ Rxc8+ 57. Kxc8 Kb4 58. Be4 Kxa4
59. Bg6 Kb4 60. Bxh5 Kc5 61. Bxg4 Kd6 62. f4 Ke7 63. Kc7 Kf6 64. Kd6 Kg6 65.
Ke6 Kg7 66. f5 Kf8 67. Kf6 Kg8 68. Ke7 Kg7 69. f6+ Kh6 70. f7 Kg6 71. f8=Q Kh7
72. Bf5# 1-0

[Event "Junior Online 4NCL Division 2"]
[Site "online"]
[Date "2020.05.14"]
[Round "5.23"]
[White "Ahmed, Bilal"]
[Black "Wong, Tristan"]
[Result "0-1"]
[WhiteElo "1570"]
[BlackElo "1705"]
[PlyCount "84"]
[EventDate "2020.05.14"]
[WhiteTeam "Downend Upstarts"]
[BlackTeam "Warwickshire Bears A"]

1. e4 Nc6 2. Nf3 d6 3. d4 Nf6 4. Nc3 g6 5. Be2 Bg7 6. d5 Nb8 7. O-O O-O 8. Be3
c6 9. dxc6 Nxc6 10. Qd2 Ng4 11. Bf4 Qb6 12. h3 Nf6 13. a3 Nd7 14. Bh6 Bxh6 15.
Qxh6 Qxb2 16. Ng5 Nf6 17. Nd5 Rd8 18. c3 Be6 19. Nxf6+ exf6 20. Qxh7+ Kf8 21.
Nxe6+ fxe6 22. Qh6+ Ke7 23. Qg7+ Ke8 24. Qxg6+ Kd7 25. Qf7+ Ne7 26. Rab1 Qxe2
27. Rxb7+ Kc6 28. Qxe7 Qxe4 29. Qc7+ Kd5 30. Qa5+ Kc4 31. Rc7+ Kd3 32. Qb5+ Kc2
33. Rb7 Kxc3 34. Qb3+ Kd2 35. Rd1+ Ke2 36. Rc7 Rdc8 37. Rc2+ Rxc2 38. Rf1 Rac8
39. f3 Qe3+ 40. Qxe3+ Kxe3 41. Re1+ Re2 42. Rf1 Rcc2 0-1

[Event "Junior Online 4NCL Division 2"]
[Site "online"]
[Date "2020.05.14"]
[Round "5.24"]
[White "Dicen, Elis Denele"]
[Black "Goodhew, Finn"]
[Result "1-0"]
[WhiteElo "1697"]
[BlackElo "1562"]
[PlyCount "60"]
[EventDate "2020.05.14"]
[WhiteTeam "Warwickshire Bears A"]
[BlackTeam "Downend Upstarts"]

1. e4 e6 2. Nf3 d5 3. exd5 exd5 4. d4 Nf6 5. Bd3 Bd6 6. O-O O-O 7. Bg5 Bg4 8.
Nbd2 Nbd7 9. c3 c6 10. Qc2 Qc7 11. Rfe1 Rfe8 12. h3 Bh5 13. Be3 Bg6 14. Bxg6
hxg6 15. c4 dxc4 16. Nxc4 Nd5 17. Bd2 Bf4 18. Bxf4 Qxf4 19. a3 N5b6 20. Nxb6
Nxb6 21. Qb3 Qc7 22. Ne5 Rad8 23. Nxg6 Rxe1+ 24. Rxe1 Rxd4 25. Re7 Nd5 26. Rxc7
Nxc7 27. Qxb7 Ne6 28. Qxc6 Rd1+ 29. Kh2 Rd2 30. Qe8+ Kh7 1-0

[Event "Junior Online 4NCL Division 2"]
[Site "online"]
[Date "2020.05.14"]
[Round "5.25"]
[White "Dicen, Imogen"]
[Black "Saunders, Aron"]
[Result "0-1"]
[WhiteElo "1847"]
[BlackElo "1765"]
[PlyCount "122"]
[EventDate "2020.05.14"]
[WhiteTeam "Warwickshire Bears A"]
[BlackTeam "Downend Upstarts"]

1. d4 Nf6 2. c4 g6 3. Nc3 d5 4. e3 Bg7 5. Nf3 O-O 6. cxd5 Nxd5 7. Bc4 Nxc3 8.
bxc3 c5 9. Bb2 Nc6 10. O-O Na5 11. Be2 c4 12. Qc2 b5 13. e4 a6 14. Rad1 Bb7 15.
d5 Qc7 16. Qd2 Rfd8 17. Rfe1 Rac8 18. Ba3 Ba8 19. Nd4 Nb7 20. Bf3 Nc5 21. Bxc5
Qxc5 22. Qb2 Bb7 23. Bg4 Rb8 24. Bf3 h5 25. h3 Qd6 26. Qe2 Be5 27. Kh1 Qa3 28.
Qd2 Qd6 29. Qc2 Qc5 30. Re2 Qb6 31. Qb2 Ba8 32. a3 Qa5 33. Red2 Bf4 34. Re2 Bd6
35. Nc2 Be5 36. Nb4 Qb6 37. Rc2 a5 38. Na2 Qc5 39. Rcd2 Bd6 40. Re2 f6 41. Qc2
Kg7 42. Qd2 Qxa3 43. Qd4 Qc5 44. Qd2 b4 45. cxb4 axb4 46. g3 c3 47. Qd3 Be5 48.
Bg2 b3 49. f4 c2 50. Rf1 bxa2 51. fxe5 c1=Q 52. exf6+ exf6 53. Ref2 a1=Q 54.
Qf3 Rb1 55. Rxc1 Qxc1+ 56. Bf1 Qxf1+ 57. Rxf1 Rxf1+ 58. Qxf1 Qxf1+ 59. Kh2 Qf2+
60. Kh1 Rb8 61. h4 Rb1# 0-1

[Event "Junior Online 4NCL Division 2"]
[Site "online"]
[Date "2020.05.14"]
[Round "5.26"]
[White "Mullaney, William"]
[Black "Chen, Daniel Xingyu"]
[Result "1-0"]
[WhiteElo "1600"]
[BlackElo "1750"]
[PlyCount "49"]
[EventDate "2020.05.14"]
[WhiteTeam "Downend Upstarts"]
[BlackTeam "Warwickshire Bears A"]

1. d4 Nf6 2. Bf4 g6 3. e3 Bg7 4. Nf3 O-O 5. c4 d6 6. Nc3 Nbd7 7. Be2 c5 8. Qd2
b6 9. Rd1 Bb7 10. d5 Nh5 11. g4 Nxf4 12. exf4 f5 13. Ng5 Rf6 14. Rg1 fxg4 15.
Ne6 Qb8 16. Nb5 a6 17. Nbc7 Ra7 18. Bxg4 Nf8 19. f5 Nxe6 20. Nxe6 gxf5 21. Bxf5
Rxf5 22. Rxg7+ Kh8 23. Qh6 Re5+ 24. Kf1 Qe8 25. Qxh7# 1-0

[Event "Junior Online 4NCL Division 2"]
[Site "online"]
[Date "2020.05.14"]
[Round "5.27"]
[White "Wong, Tristan"]
[Black "Ahmed, Bilal"]
[Result "0-1"]
[WhiteElo "1705"]
[BlackElo "1570"]
[PlyCount "116"]
[EventDate "2020.05.14"]
[WhiteTeam "Warwickshire Bears A"]
[BlackTeam "Downend Upstarts"]

1. d4 Nf6 2. Bf4 g6 3. Nc3 Bg7 4. e4 d6 5. Qd2 O-O 6. Bh6 Nbd7 7. Bxg7 Kxg7 8.
Be2 e5 9. O-O-O a6 10. h4 b5 11. h5 b4 12. hxg6 fxg6 13. Qh6+ Kh8 14. Nd5 Bb7
15. Nxf6 Nxf6 16. dxe5 Qe7 17. exf6 Rxf6 18. Nf3 Rg8 19. e5 Rf7 20. Ng5 Rfg7
21. e6 Rf8 22. Nf7+ Rfxf7 23. exf7 Qxf7 24. f3 Qxa2 25. Qg5 Qa1+ 26. Kd2 Qxb2
27. Qd8+ Rg8 28. Qxc7 Qd4+ 29. Ke1 Qc3+ 30. Kf1 Qxc7 31. Bd3 Kg7 32. Re1 Qd7
33. Bc4 Re8 34. Rd1 a5 35. Rh4 a4 36. Kf2 a3 37. Rhd4 Qf5 38. R1d2 Qc5 39. Kf1
Qe5 40. Rd1 Rd8 41. Kg1 Qg3 42. Kf1 Qh2 43. Kf2 Rf8 44. R1d3 Rd8 45. Rd1 Bc6
46. Bb3 Qe5 47. R4d3 Qc5+ 48. Kf1 Bb5 49. Ke1 Bxd3 50. Rxd3 d5 51. Kd2 d4 52.
g3 Re8 53. f4 Re3 54. g4 Rxd3+ 55. Kxd3 Qc3+ 56. Ke4 Qxb3 57. cxb3 a2 58. Kxd4
a1=Q+ 0-1

[Event "Junior Online 4NCL Division 2"]
[Site "online"]
[Date "2020.05.14"]
[Round "5.28"]
[White "Goodhew, Finn"]
[Black "Dicen, Elis Denele"]
[Result "0-1"]
[WhiteElo "1562"]
[BlackElo "1697"]
[PlyCount "80"]
[EventDate "2020.05.14"]
[WhiteTeam "Downend Upstarts"]
[BlackTeam "Warwickshire Bears A"]

1. d4 e6 2. c4 d5 3. Nf3 Nf6 4. Nc3 Be7 5. Bf4 O-O 6. e3 b6 7. Rc1 Bb7 8. cxd5
exd5 9. Nb5 Bb4+ 10. Nd2 Bxd2+ 11. Qxd2 Nc6 12. Nxc7 Rc8 13. Nb5 Ne4 14. Qd1
Qh4 15. g3 Qe7 16. Nc3 Nxc3 17. bxc3 Qe4 18. f3 Qe7 19. Bh3 Rcd8 20. g4 Qh4+
21. Bg3 Qxh3 22. Kf2 Qh6 23. h4 Qe6 24. g5 f6 25. f4 Rde8 26. Qf3 Na5 27. Rce1
Nc4 28. f5 Qe4 29. Qh5 Qxf5+ 30. Kg2 Nxe3+ 31. Kh2 Ng4+ 32. Kg2 Rxe1 33. Rxe1
fxg5 34. hxg5 Qf3+ 35. Kh3 Nf2+ 36. Kh4 Qxh5+ 37. Kxh5 Ne4 38. Bh2 Rf5 39. Rg1
g6+ 40. Kh6 Rf3 0-1

[Event "Junior Online 4NCL Division 2"]
[Site "online"]
[Date "2020.05.14"]
[Round "5.31"]
[White "McGlade, Emmet"]
[Black "Sturge, Sam"]
[Result "0-1"]
[WhiteElo "1625"]
[BlackElo "1660"]
[PlyCount "34"]
[EventDate "2020.05.14"]
[WhiteTeam "Gonzaga College SJ B"]
[BlackTeam "Surbiton Juniors A"]

1. e4 e6 2. d4 d5 3. Nc3 Bb4 4. e5 c5 5. a3 cxd4 6. Qxd4 Be7 7. f4 Nc6 8. Qf2
f6 9. Nf3 a6 10. Be3 Qc7 11. Bb6 Qb8 12. exf6 Nxf6 13. Bd3 Qxf4 14. O-O Ng4 15.
Qe2 d4 16. Nd1 Nce5 17. Nxe5 Qxh2# 0-1

[Event "Junior Online 4NCL Division 2"]
[Site "online"]
[Date "2020.05.14"]
[Round "5.32"]
[White "Morrison, Joseph"]
[Black "O'laoide, Liam"]
[Result "0-1"]
[WhiteElo "1465"]
[BlackElo "1585"]
[PlyCount "70"]
[EventDate "2020.05.14"]
[WhiteTeam "Surbiton Juniors A"]
[BlackTeam "Gonzaga College SJ B"]

1. c4 Nf6 2. Nc3 g6 3. g3 Bg7 4. Bg2 O-O 5. Nf3 c6 6. O-O d5 7. cxd5 cxd5 8. d4
Nc6 9. e3 Bf5 10. Nh4 Bg4 11. f3 Bd7 12. e4 dxe4 13. Nxe4 Nxe4 14. fxe4 Bxd4+
15. Kh1 Bg7 16. Qb3 Qc7 17. Bf4 e5 18. Be3 Be6 19. Qd1 Rad8 20. Qe2 Nd4 21.
Bxd4 exd4 22. Rfd1 Qd7 23. Rac1 a6 24. b3 Rc8 25. Bf3 Rxc1 26. Rxc1 d3 27. Qd2
Rd8 28. Rd1 Bg4 29. Bxg4 Qxg4 30. Qe3 Qxd1+ 31. Kg2 Qc2+ 32. Kh3 d2 33. Qb6
d1=Q 34. Qxb7 Qd7+ 35. Qxd7 Rxd7 0-1

[Event "Junior Online 4NCL Division 2"]
[Site "online"]
[Date "2020.05.14"]
[Round "5.33"]
[White "Tempany, Max"]
[Black "Jonikas, Augustas"]
[Result "1-0"]
[WhiteElo "1551"]
[BlackElo "1540"]
[PlyCount "43"]
[EventDate "2020.05.14"]
[WhiteTeam "Gonzaga College SJ B"]
[BlackTeam "Surbiton Juniors A"]

1. e4 e5 2. Nf3 Nc6 3. d4 exd4 4. Nxd4 Nf6 5. Nc3 Bc5 6. Nb3 Bb6 7. Bg5 h6 8.
Bh4 g5 9. Bg3 d6 10. h4 g4 11. f3 h5 12. Qd2 Qe7 13. O-O-O Bd7 14. Na4 O-O-O
15. Nxb6+ axb6 16. Bb5 Ne5 17. Bxd7+ Nfxd7 18. Nd4 Qf6 19. Rhf1 Qg6 20. Nf5 d5
21. Qxd5 Nf6 22. Qxe5 1-0

[Event "Junior Online 4NCL Division 2"]
[Site "online"]
[Date "2020.05.14"]
[Round "5.34"]
[White "Wang, Andy"]
[Black "Hunter, Sean"]
[Result "0-1"]
[WhiteElo "1510"]
[BlackElo "1582"]
[PlyCount "70"]
[EventDate "2020.05.14"]
[WhiteTeam "Surbiton Juniors A"]
[BlackTeam "Gonzaga College SJ B"]

1. d4 Nf6 2. c4 e6 3. Nf3 b6 4. a3 Bb7 5. Nc3 d6 6. Bf4 Nbd7 7. d5 e5 8. Bg5
Be7 9. e3 O-O 10. Bd3 h6 11. Bxf6 Nxf6 12. Qc2 c6 13. dxc6 Bxc6 14. Ne4 Rc8 15.
Nxf6+ Bxf6 16. Be4 d5 17. Bf5 Rc7 18. cxd5 Qxd5 19. e4 Qd6 20. Qd2 Qxd2+ 21.
Kxd2 g6 22. Bh3 Bxe4 23. Ke2 Rc2+ 24. Ke3 Bxf3 25. Kxf3 Rxb2 26. Rhe1 e4+ 27.
Kxe4 Rxf2 28. Ke3 Rb2 29. Rad1 Rb3+ 30. Rd3 Re8+ 31. Kf2 Rxe1 32. Rxb3 Ra1 33.
Re3 Bd4 34. Ke2 Bxe3 35. Kxe3 Rxa3+ 0-1

[Event "Junior Online 4NCL Division 2"]
[Site "online"]
[Date "2020.05.14"]
[Round "5.35"]
[White "Sturge, Sam"]
[Black "McGlade, Emmet"]
[Result "0-1"]
[WhiteElo "1660"]
[BlackElo "1625"]
[PlyCount "120"]
[EventDate "2020.05.14"]
[WhiteTeam "Surbiton Juniors A"]
[BlackTeam "Gonzaga College SJ B"]

1. e4 c6 2. d4 d5 3. exd5 cxd5 4. c4 Nf6 5. Nc3 e6 6. Bf4 a6 7. Nf3 Nc6 8. g3
Be7 9. cxd5 Nxd5 10. Nxd5 Qxd5 11. Bg2 O-O 12. O-O Bf6 13. Be3 Rd8 14. Ne5 Qd6
15. Nxc6 bxc6 16. Rc1 Bb7 17. Rc4 Rac8 18. Qa4 e5 19. Rd1 h6 20. Bf3 Qe7 21.
Bxc6 Bxc6 22. Rxc6 Rxc6 23. Qxc6 exd4 24. Bd2 Qe2 25. Qc1 d3 26. Re1 Qf3 27.
Re3 Qd5 28. b3 Bd4 29. Re1 Qf3 30. Be3 Qd5 31. Bxd4 Qxd4 32. Qd2 Rc8 33. Re3
Rd8 34. Re1 a5 35. a3 Rc8 36. Re3 Rc3 37. b4 axb4 38. axb4 Qxb4 39. Rxd3 Qb1+
40. Kg2 Qxd3 41. Qxd3 Rxd3 42. Kh3 g5 43. Kg2 Kg7 44. h3 Kg6 45. Kf1 f5 46. Kg2
h5 47. Kf1 g4 48. h4 Kf6 49. Kg2 Ke5 50. Kf1 f4 51. Kg2 fxg3 52. fxg3 Ke4 53.
Kf2 Rf3+ 54. Kg2 Ke3 55. Kh2 Kf2 56. Kh1 Kxg3 57. Kg1 Ra3 58. Kf1 Kf3 59. Kg1
Ra2 60. Kh1 Kg3 0-1

[Event "Junior Online 4NCL Division 2"]
[Site "online"]
[Date "2020.05.14"]
[Round "5.36"]
[White "O'laoide, Liam"]
[Black "Morrison, Joseph"]
[Result "1-0"]
[WhiteElo "1585"]
[BlackElo "1465"]
[PlyCount "99"]
[EventDate "2020.05.14"]
[WhiteTeam "Gonzaga College SJ B"]
[BlackTeam "Surbiton Juniors A"]

1. e4 d5 2. exd5 Nf6 3. Nf3 Nxd5 4. Bc4 Nf6 5. O-O Nc6 6. d4 Bg4 7. c3 e6 8.
Bf4 Bd6 9. Bxd6 cxd6 10. h3 Bh5 11. Re1 O-O 12. Nbd2 d5 13. Bd3 h6 14. Nf1 Bxf3
15. Qxf3 Re8 16. Ne3 e5 17. dxe5 Nxe5 18. Qe2 Nxd3 19. Qxd3 Qd7 20. Rad1 Rad8
21. Nc2 Rxe1+ 22. Rxe1 Re8 23. Rxe8+ Qxe8 24. Qe3 Qxe3 25. Nxe3 Kf8 26. Kf1 Ke7
27. Nf5+ Ke6 28. Nxg7+ Ke5 29. Ke2 d4 30. cxd4+ Kxd4 31. Nf5+ Kc4 32. Nxh6 b5
33. Nxf7 b4 34. Ne5+ Kd5 35. Nd3 Kc4 36. g4 a5 37. g5 Ng8 38. h4 a4 39. h5 a3
40. b3+ Kc3 41. h6 Kc2 42. Nxb4+ Kb1 43. h7 Ne7 44. h8=Q Nf5 45. Qh1+ Kb2 46.
Qe4 Nd4+ 47. Qxd4+ Kb1 48. Qd1+ Kb2 49. Qc2+ Ka1 50. Qc1# 1-0

[Event "Junior Online 4NCL Division 2"]
[Site "online"]
[Date "2020.05.14"]
[Round "5.37"]
[White "Jonikas, Augustas"]
[Black "Tempany, Max"]
[Result "0-1"]
[WhiteElo "1540"]
[BlackElo "1551"]
[PlyCount "66"]
[EventDate "2020.05.14"]
[WhiteTeam "Surbiton Juniors A"]
[BlackTeam "Gonzaga College SJ B"]

1. c4 Nf6 2. d4 g6 3. Nf3 Bg7 4. Nc3 d5 5. cxd5 Nxd5 6. e4 Nxc3 7. bxc3 c5 8.
Be3 Nc6 9. e5 O-O 10. Qd2 Bg4 11. Be2 Qa5 12. Rd1 Rfd8 13. d5 Nxe5 14. Nxe5
Bxe2 15. Kxe2 Bxe5 16. Rc1 e6 17. c4 Qxd2+ 18. Bxd2 exd5 19. cxd5 Rxd5 20. Be3
b6 21. Rhd1 Rad8 22. Rxd5 Rxd5 23. f4 Bg7 24. g4 h5 25. g5 Rd8 26. h4 Re8 27.
Kf3 Kf8 28. f5 Bd4 29. Bf4 gxf5 30. Bd6+ Kg7 31. Rf1 Re3+ 32. Kf4 Ra3 33. Kxf5
Rxa2 0-1

[Event "Junior Online 4NCL Division 2"]
[Site "online"]
[Date "2020.05.14"]
[Round "5.38"]
[White "Hunter, Sean"]
[Black "Wang, Andy"]
[Result "1-0"]
[WhiteElo "1582"]
[BlackElo "1510"]
[PlyCount "79"]
[EventDate "2020.05.14"]
[WhiteTeam "Gonzaga College SJ B"]
[BlackTeam "Surbiton Juniors A"]

1. e4 c5 2. Nf3 d6 3. d4 cxd4 4. Nxd4 Nf6 5. Nc3 a6 6. f3 e6 7. Be3 b5 8. Qd2
Bb7 9. g4 Nfd7 10. O-O-O Nb6 11. h4 N8d7 12. Be2 Rc8 13. Rdg1 Nc4 14. Bxc4 Rxc4
15. Kb1 Qa5 16. Nb3 Qc7 17. Bf4 e5 18. Be3 Nb6 19. Na5 Rb4 20. a3 Nc4 21. Nxc4
Rxc4 22. Nd5 Bxd5 23. Qxd5 Rc6 24. Rg2 Be7 25. g5 Rf8 26. c3 Kd8 27. f4 Kc8 28.
f5 f6 29. g6 h6 30. Bxh6 Rc5 31. Qe6+ Qd7 32. Qxd7+ Kxd7 33. Bxg7 Rg8 34. h5
Rcc8 35. h6 Bf8 36. Bxf8 Rcxf8 37. h7 Rg7 38. h8=Q Rxh8 39. Rxh8 Ke7 40. Rh7
1-0

[Event "Junior Online 4NCL Division 2"]
[Site "online"]
[Date "2020.05.14"]
[Round "5.41"]
[White "Auchi, Nadhmi"]
[Black "Shah, Kian"]
[Result "1-0"]
[WhiteElo "1922"]
[BlackElo "1870"]
[PlyCount "83"]
[EventDate "2020.05.14"]
[WhiteTeam "Hammersmith 1"]
[BlackTeam "Harrow Juniors A"]

1. e4 c5 2. Nf3 d6 3. c3 Nf6 4. Be2 g6 5. O-O Bg7 6. Bb5+ Bd7 7. Bxd7+ Nbxd7 8.
Re1 O-O 9. d4 Rc8 10. d5 c4 11. Qc2 Nc5 12. Nbd2 b5 13. Nd4 Qd7 14. N2f3 a5 15.
Bd2 b4 16. Nc6 b3 17. axb3 cxb3 18. Qb1 a4 19. Nfd4 e6 20. Nb4 Rfe8 21. dxe6
fxe6 22. Nf3 Qb7 23. e5 dxe5 24. Nxe5 Nd5 25. Nxd5 Qxd5 26. Nf3 Nd3 27. Rd1 Qb5
28. Be3 Nxb2 29. Qxb2 Bxc3 30. Qa3 Bxa1 31. Rxa1 b2 32. Rb1 Rc2 33. Nd4 Qc4 34.
Nxc2 Qxc2 35. Qxb2 Qc4 36. Qb5 Qc2 37. Qxe8+ Kg7 38. Bd4+ Kh6 39. Qf8+ Kh5 40.
Rb5+ Kg4 41. Qf3+ Kh4 42. Qh3# 1-0

[Event "Junior Online 4NCL Division 2"]
[Site "online"]
[Date "2020.05.14"]
[Round "5.42"]
[White "Balasundaram, Sivasatyan"]
[Black "Banerji, Kumar"]
[Result "0-1"]
[WhiteElo "1757"]
[BlackElo "1705"]
[PlyCount "56"]
[EventDate "2020.05.14"]
[WhiteTeam "Harrow Juniors A"]
[BlackTeam "Hammersmith 1"]

1. d4 d5 2. c4 dxc4 3. e4 e5 4. d5 Nf6 5. Nc3 c6 6. Bxc4 b5 7. Bb3 b4 8. Nce2
Nxe4 9. dxc6 Qxd1+ 10. Bxd1 Bc5 11. Be3 Bxe3 12. fxe3 Nxc6 13. Ba4 Bd7 14. Rc1
Na5 15. Bxd7+ Kxd7 16. Nf3 f6 17. O-O Rac8 18. Rcd1+ Ke7 19. Nd2 Nxd2 20. Rxd2
Nc4 21. Rd3 Rhd8 22. Rb3 Rb8 23. Rc1 Nd2 24. Rc7+ Kf8 25. Rxa7 Nxb3 26. axb3
Rbc8 27. Ng3 Rc2 28. Ra1 Rdd2 0-1

[Event "Junior Online 4NCL Division 2"]
[Site "online"]
[Date "2020.05.14"]
[Round "5.43"]
[White "McBrinn, Conall"]
[Black "Truscott, Philip E"]
[Result "1-0"]
[WhiteElo "1667"]
[BlackElo "1660"]
[PlyCount "95"]
[EventDate "2020.05.14"]
[WhiteTeam "Hammersmith 1"]
[BlackTeam "Harrow Juniors A"]

1. d4 d5 2. c4 e6 3. Nc3 c5 4. Nf3 Nf6 5. Bg5 cxd4 6. Nxd4 Be7 7. e3 O-O 8. g3
b6 9. cxd5 exd5 10. Bg2 Bb7 11. O-O h6 12. Bxf6 Bxf6 13. Qd3 Re8 14. Rfd1 Re5
15. Rac1 Nc6 16. Nf3 Re8 17. Nxd5 Bxb2 18. Rb1 Bf6 19. Nxf6+ Qxf6 20. Rdc1 Rad8
21. Qe2 Na5 22. Rc7 Bxf3 23. Qxf3 Qxf3 24. Bxf3 Rd2 25. Rxa7 Nc4 26. Rc7 Ne5
27. Kg2 Nxf3 28. Kxf3 Rb8 29. Rc6 b5 30. Rc5 b4 31. Rc4 Rxa2 32. Rcxb4 Rxb4 33.
Rxb4 g6 34. h4 Kg7 35. Rb7 Ra5 36. g4 h5 37. g5 Ra4 38. e4 Ra2 39. e5 Ra6 40.
Ke4 Ra1 41. Kf4 Re1 42. f3 Kf8 43. Rb8+ Ke7 44. Rb4 Rxe5 45. Kxe5 f6+ 46. gxf6+
Kf7 47. Rb7+ Kf8 48. Ke6 1-0

[Event "Junior Online 4NCL Division 2"]
[Site "online"]
[Date "2020.05.14"]
[Round "5.44"]
[White "Khanna, Pranav"]
[Black "Aserkoff, Daniel"]
[Result "1/2-1/2"]
[WhiteElo "1607"]
[BlackElo "1562"]
[PlyCount "154"]
[EventDate "2020.05.14"]
[WhiteTeam "Harrow Juniors A"]
[BlackTeam "Hammersmith 1"]

1. e4 e5 2. Nf3 Nc6 3. Bb5 a6 4. Bxc6 dxc6 5. h3 Bd6 6. O-O Nf6 7. d4 Nd7 8.
dxe5 Nxe5 9. Nxe5 Bxe5 10. Qxd8+ Kxd8 11. c3 Be6 12. Rd1+ Ke7 13. Be3 Rad8 14.
Nd2 f5 15. exf5 Bxf5 16. Nf3 Bf6 17. Nd4 Bg6 18. Re1 Bxd4 19. Bxd4+ Kf7 20. Re3
Rhe8 21. Rae1 Kg8 22. Rxe8+ Rxe8 23. Rxe8+ Bxe8 24. Kh2 Bf7 25. Be5 Bxa2 26.
Bxc7 Bd5 27. Be5 Kf7 28. Kg3 g6 29. f3 Ke6 30. Bd4 Kd6 31. Kf4 Ke6 32. Be5 Bc4
33. Bd4 Bf1 34. Kg3 Bc4 35. Kf2 Kf5 36. g3 Bd5 37. f4 g5 38. fxg5 Kxg5 39. h4+
Kg4 40. Be3 Kf5 41. Bd4 Ke4 42. Ke2 Bc4+ 43. Kd2 Kf3 44. Be5 b5 45. Kc2 a5 46.
b3 Be6 47. b4 a4 48. Kb2 Ke4 49. Bf4 Kd5 50. Be3 Kc4 51. Bd4 Kd3 52. Be5 Ke4
53. Bf4 Kd5 54. Bd2 c5 55. Be3 cxb4 56. cxb4 Ke4 57. Bf4 Kd3 58. Ka3 Kc4 59.
Bd6 Kd5 60. Bf4 Kd4 61. Bb8 Ke4 62. Bc7 Kd3 63. Bd6 Kc2 64. Be5 Kb1 65. Bf4 Kc2
66. Bb8 Kd3 67. Bd6 Ke4 68. Bf4 Kd5 69. Bb8 Kc4 70. Bc7 Kd3 71. Be5 Ke4 72. Bf4
Kf3 73. Bd6 Ke4 74. Bc7 Kd4 75. Bf4 Ke4 76. Bb8 Kd4 77. Bd6 Ke4 1/2-1/2

[Event "Junior Online 4NCL Division 2"]
[Site "online"]
[Date "2020.05.14"]
[Round "5.45"]
[White "Shah, Kian"]
[Black "Auchi, Nadhmi"]
[Result "1-0"]
[WhiteElo "1870"]
[BlackElo "1922"]
[PlyCount "83"]
[EventDate "2020.05.14"]
[WhiteTeam "Harrow Juniors A"]
[BlackTeam "Hammersmith 1"]

1. e4 e6 2. d4 d5 3. Nc3 Bb4 4. e5 Ne7 5. f4 c5 6. a3 Bxc3+ 7. bxc3 Nbc6 8. Nf3
Bd7 9. Bd3 c4 10. Be2 Qa5 11. Bd2 O-O-O 12. O-O h6 13. Qc1 Nf5 14. Rb1 Rdg8 15.
Qb2 Qc7 16. g4 Nfe7 17. Nh4 Rh7 18. f5 exf5 19. Nxf5 Bxf5 20. gxf5 g6 21. f6
Nf5 22. Bg4 Kb8 23. Bf4 Qc8 24. e6+ Ka8 25. e7 h5 26. Bh3 Rhh8 27. Rfe1 Re8 28.
Qb5 Qd7 29. Bg2 Nb8 30. Bxd5 Qxb5 31. Rxb5 Nc6 32. Bxf7 Rc8 33. e8=Q Rcxe8 34.
Rxe8+ Rxe8 35. Bxe8 a6 36. Rd5 Nce7 37. Rd8+ Ka7 38. f7 Nc6 39. Bxc6 bxc6 40.
f8=Q Kb6 41. Qb4+ Ka7 42. Qb8# 1-0

[Event "Junior Online 4NCL Division 2"]
[Site "online"]
[Date "2020.05.14"]
[Round "5.46"]
[White "Banerji, Kumar"]
[Black "Balasundaram, Sivasatyan"]
[Result "1-0"]
[WhiteElo "1705"]
[BlackElo "1757"]
[PlyCount "79"]
[EventDate "2020.05.14"]
[WhiteTeam "Hammersmith 1"]
[BlackTeam "Harrow Juniors A"]

1. e4 c5 2. Nf3 Nc6 3. d4 cxd4 4. Nxd4 e6 5. Nc3 Nf6 6. Ndb5 d6 7. Bf4 e5 8.
Bg5 a6 9. Bxf6 gxf6 10. Na3 Be6 11. Bc4 b5 12. Bd5 Rc8 13. Qh5 Qd7 14. Bxe6
Qxe6 15. Nd5 Nd4 16. c3 Nc6 17. f4 f5 18. Qxf5 Qxf5 19. exf5 exf4 20. O-O Ne7
21. Rae1 Rc5 22. Nxe7 Bxe7 23. f6 Re5 24. Rxe5 dxe5 25. fxe7 Kxe7 26. c4 b4 27.
Nc2 a5 28. Re1 Kd6 29. Rd1+ Kc5 30. b3 Kc6 31. Rd5 f6 32. Rxa5 Rd8 33. Nxb4+
Kb6 34. Rb5+ Kc7 35. Nd5+ Kc6 36. a4 f5 37. b4 e4 38. Kf2 e3+ 39. Ke2 Rg8 40.
Ne7+ 1-0

[Event "Junior Online 4NCL Division 2"]
[Site "online"]
[Date "2020.05.14"]
[Round "5.47"]
[White "Truscott, Philip E"]
[Black "McBrinn, Conall"]
[Result "0-1"]
[WhiteElo "1660"]
[BlackElo "1667"]
[PlyCount "84"]
[EventDate "2020.05.14"]
[WhiteTeam "Harrow Juniors A"]
[BlackTeam "Hammersmith 1"]

1. e4 e6 2. b3 d5 3. Bb2 dxe4 4. Nc3 Nf6 5. Qe2 Bb4 6. Nxe4 Nxe4 7. c3 Nf6 8.
cxb4 a6 9. Rc1 Nc6 10. Nf3 Bd7 11. g3 Qe7 12. a3 O-O 13. Bg2 Rfd8 14. O-O Nd5
15. Nh4 Nf6 16. Nf5 exf5 17. Qxe7 Nxe7 18. Bxb7 Ra7 19. Bg2 a5 20. Bc3 axb4 21.
Bxb4 Ned5 22. Rc4 Be6 23. a4 Nxb4 24. Rxb4 h6 25. Rb1 Rxd2 26. Rb8+ Kh7 27. Ra8
Rxa8 28. Bxa8 Ne4 29. Bxe4 fxe4 30. b4 Ra2 31. a5 Bc4 32. h4 Kg6 33. Rc1 Bb5
34. Rxc7 Rb2 35. Rb7 Rxb4 36. a6 Rb1+ 37. Kg2 Bf1+ 38. Kh2 Ra1 39. a7 f6 40.
Re7 Be2 41. Rxe4 Bf3 42. Re3 Rh1# 0-1